000 00432nam a2200157 i 4500
001 bg
100 1 _aKOMAROV, F.F.
245 0 _aNerazrusajusij analiz poverchnostej tverdych tel ionnymi puckami /
_cF.F. Komarov, H.A. Kumachov, I.S. Taslykov.
260 _aMinsk,
_c1987.
700 1 _aKUMACHOV, H.A.
700 1 _aTASLYKOV, I.S.
040 _cBPK
041 _apol
942 _cKS
008 s pl f |000 0 pol
999 _c23712
_d23712
856 _uhttp://koha.tu.koszalin.pl/cgi-bin/koha/opac-detail.pl?biblionumber=23712
_yKatalog online BPK